School survey, Grand Rapids, Michigan, 1916. (Record no. 20257)

MARC details
000 -LEADER
fixed length control field 00810cam a22002411 4500
001 - CONTROL NUMBER
control field e 18001088
003 - CONTROL NUMBER IDENTIFIER
control field DLC
005 - DATE AND TIME OF LATEST TRANSACTION
control field 20260227111210.0
007 - PHYSICAL DESCRIPTION FIXED FIELD--GENERAL INFORMATION
fixed length control field cr_|||||||||||
008 - FIXED-LENGTH DATA ELEMENTS--GENERAL INFORMATION
fixed length control field 760521s1916 miu 000 0 eng
010 ## - LIBRARY OF CONGRESS CONTROL NUMBER
LC control number e 18001088
035 ## - SYSTEM CONTROL NUMBER
System control number (OCoLC)2186646
040 ## - CATALOGING SOURCE
Original cataloging agency DLC
Transcribing agency OTU
Modifying agency DLC
050 00 - LIBRARY OF CONGRESS CALL NUMBER
Classification number LA309.G7
Item number A5 1916
110 1# - MAIN ENTRY--CORPORATE NAME
Corporate name or jurisdiction name as entry element Grand Rapids (Mich.).
Subordinate unit Board of Education.
245 00 - TITLE STATEMENT
Title School survey, Grand Rapids, Michigan, 1916.
260 ## - PUBLICATION, DISTRIBUTION, ETC.
Place of publication, distribution, etc. Grand Rapids,
Name of publisher, distributor, etc. White printing company,
Date of publication, distribution, etc. 1916?
300 ## - PHYSICAL DESCRIPTION
Extent 1 p. l., [5]-510 p.,
Other physical details tables, diagrs.
Dimensions 20 cm.
530 ## - ADDITIONAL PHYSICAL FORM AVAILABLE NOTE
Additional physical form available note Also available in digital form on the Internet Archive Web site.
650 #0 - SUBJECT ADDED ENTRY--TOPICAL TERM
Topical term or geographic name entry element Public schools
Geographic subdivision Michigan
-- Grand Rapids.
650 #0 - SUBJECT ADDED ENTRY--TOPICAL TERM
Topical term or geographic name entry element Educational surveys.
856 41 - ELECTRONIC LOCATION AND ACCESS
Uniform Resource Identifier <a href="http://hdl.loc.gov/loc.gdc/scd0001.00221240455">http://hdl.loc.gov/loc.gdc/scd0001.00221240455</a>

No items available.

Powered by Koha